Una política de seguridad social / (Registro nro. 6046)

Detalles MARC
000 -LEADER
fixed length control field 00866nam a2200217Ia 4500
003 - CONTROL NUMBER IDENTIFIER
control field OSt
005 - DATE AND TIME OF LATEST TRANSACTION
control field 20200821133843.0
008 - FIXED-LENGTH DATA ELEMENTS--GENERAL INFORMATION
fixed length control field 191128s1971 s ad gr 000 0 spa d
040 ## - CATALOGING SOURCE
Original cataloging agency Co-JMCR
Transcribing agency Co-JMCR
041 0# - LANGUAGE CODE
Language code of text/sound track or separate title spa
082 04 - DEWEY DECIMAL CLASSIFICATION NUMBER
Classification number 368.4004 /
Item number M357p
Edition number 23
100 1# - MAIN ENTRY--PERSONAL NAME
Personal name Eastman, Jorge Mario,
Relator term autor
9 (RLIN) 1694
245 14 - TITLE STATEMENT
Title Una política de seguridad social /
Statement of responsibility, etc. Jorge Mario Eastman
260 ## - PUBLICATION, DISTRIBUTION, ETC.
Place of publication, distribution, etc. [Ginebra] :
Name of publisher, distributor, etc. Ministerio de trabajo y seguridad social,
Date of publication, distribution, etc. 1971.
300 ## - PHYSICAL DESCRIPTION
Extent [271] páginas :
Other physical details ilustraciones, graficos a balnco y negro ;
Dimensions 24 cm.
505 0# - FORMATTED CONTENTS NOTE
Formatted contents note Una política de seguridad / Jorge Mario Eastman -- Reorganización y refinanciación de la caja nacional de pre-reajuste de pensiones en el sector público y privado
650 24 - SUBJECT ADDED ENTRY--TOPICAL TERM
Topical term or geographic name entry element Decreto
9 (RLIN) 8477
650 24 - SUBJECT ADDED ENTRY--TOPICAL TERM
Topical term or geographic name entry element Eguridad social
General subdivision Código
9 (RLIN) 9060
650 24 - SUBJECT ADDED ENTRY--TOPICAL TERM
Topical term or geographic name entry element Procedimiento Laboral
9 (RLIN) 8630
942 ## - ADDED ENTRY ELEMENTS (KOHA)
Source of classification or shelving scheme Dewey Decimal Classification
Koha item type Books
Existencias
Withdrawn status Lost status Source of classification or shelving scheme Materials specified (bound volume or other part) Damaged status Not for loan Home library Current library Shelving location Date acquired Source of acquisition Full call number Barcode Date last seen Copy number Price effective from Koha item type
    Dewey Decimal Classification Donación--15/04/2018--     Biblioteca Pública José María del Castillo y Rada Biblioteca Pública José María del Castillo y Rada General Stacks 11/28/2019 Donación 368.4004 / M357p 430011557 05/16/2024 Ej.1 11/28/2019 Books